00452nam a2200133 4500001000700000003000900007007000300016008004100019100003200060245013500092260004400227300002700271852002000298143908ES-MaACLt|070214s1916 xxk r ||||1| eng d1 aSherard, Robert Harborough.14aThe Real Oscar Wilde b: with numerous unpublished letters, facsimiles, portraits and illustrations / cRobert Harborough Sherard. aLondon : bThe Riverside Press, c1916. aXVI, 432 p. ; c23 cm. aES-MaACLjC-821